[Event "22ème Open de Saint-Affrique"]
[Site "Saint Affrique (12)"]
[Date "2014.07.22"]
[Round "5.3"]
[White "Flear, Glenn C"]
[Black "Milchev, Nikolay"]
[Result "1/2-1/2"]
[WhiteElo "2464"]
[BlackElo "2424"]
[PlyCount "76"]
[EventDate "2014.??.??"]
[Source "Sylvain Rivier"]
[SourceDate "2014.07.26"]

1. d4 Nf6 2. c4 e5 3. dxe5 Ng4 4. Nf3 Bc5 5. e3 Nc6 6. Nc3 Ngxe5 7. Nxe5 Nxe5
8. Be2 O-O 9. O-O Re8 10. b3 a5 11. Bb2 Ra6 12. Qd5 Ba7 13. Ne4 Rh6 14. c5 c6
15. Qd4 d5 16. f4 dxe4 17. fxe5 Qh4 18. Rf4 Qxh2+ 19. Kf2 Rg6 20. Rg1 Qg3+ 21.
Kf1 Be6 22. Bc4 Bb8 23. Qxe4 Bxc4+ 24. Qxc4 Rge6 25. Rf3 Qg6 26. Kf2 Bxe5 27.
Bxe5 Rxe5 28. Rd1 Rg5 29. g3 Qh5 30. Rd7 Rf5 31. Qe4 Rfe5 32. Qf4 Qh2+ 33. Ke1
f6 34. Rxg7+ Kxg7 35. Qxf6+ Kg8 36. Qf7+ Kh8 37. Qf6+ Kg8 38. Qf7+ Kh8 1/2-1/2

[Event "22ème Open de Saint-Affrique"]
[Site "Saint Affrique (12)"]
[Date "2014.07.22"]
[Round "5.4"]
[White "Mania, Clement"]
[Black "Noireaut, Hung"]
[Result "1-0"]
[WhiteElo "2177"]
[BlackElo "2007"]
[PlyCount "75"]
[EventDate "2014.??.??"]
[Source "Sylvain Rivier"]
[SourceDate "2014.07.26"]

1. d3 e5 2. c4 Nc6 3. Nc3 g6 4. g3 Bg7 5. Bg2 d6 6. Bd2 f5 7. Nh3 Nf6 8. O-O
O-O 9. f4 Kh8 10. Rc1 Ng4 11. e3 Ne7 12. b4 exf4 13. gxf4 c6 14. Qb3 Be6 15.
Ng5 Bg8 16. h3 Nf6 17. b5 Qd7 18. Rfd1 a6 19. bxc6 Nxc6 20. Nd5 h6 21. Nb6 Qe7
22. Nxa8 hxg5 23. fxg5 Nh5 24. Re1 Rxa8 25. Rb1 Qxg5 26. Qxb7 Ne5 27. Qxa8 d5
28. Rf1 Ng3 29. Rf2 Nxd3 30. Rb8 Nxf2 31. Rxg8+ Kh7 32. Rxg7+ Kxg7 33. Bc3+ Kf7
34. Bxd5+ Ke7 35. Bb4+ Kd7 36. Qb7+ Kd8 37. Ba5+ Ke8 38. Qf7# 1-0

[Event "22ème Open de Saint-Affrique"]
[Site "Saint Affrique (12)"]
[Date "2014.07.22"]
[Round "5.5"]
[White "Billiar-Bourgy, Vincent"]
[Black "Cazottes, Guillaume"]
[Result "1-0"]
[WhiteElo "1959"]
[BlackElo "2014"]
[PlyCount "48"]
[EventDate "2014.??.??"]
[Source "Sylvain Rivier"]
[SourceDate "2014.07.26"]

1. e4 c5 2. c3 d5 3. exd5 Qxd5 4. d4 Nf6 5. Nf3 e6 6. Be2 Nc6 7. O-O Be7 8. Be3
cxd4 9. cxd4 O-O 10. Nc3 Qd6 11. a3 b6 12. Rc1 Bb7 13. b4 Rfd8 14. Qb3 a5 15.
d5 Nxd5 16. Nxd5 Qxd5 17. Bc4 Qe4 18. Bxe6 Rdc8 19. Rfe1 a4 20. Qd1 Qg4 21. Qd2
Rab8 22. h3 Qg6 23. Bd5 Ne5 24. Rxc8+ Bxc8 1-0

[Event "22ème Open de Saint-Affrique"]
[Site "Saint Affrique (12)"]
[Date "2014.07.22"]
[Round "5.6"]
[White "Duff, Rufus"]
[Black "Mullon, Jean-Baptiste"]
[Result "1/2-1/2"]
[WhiteElo "2113"]
[BlackElo "2436"]
[PlyCount "89"]
[EventDate "2014.??.??"]
[Source "Sylvain Rivier"]
[SourceDate "2014.07.26"]

1. e4 e6 2. d4 d5 3. Nd2 a6 4. Ngf3 Nf6 5. Bd3 c5 6. dxc5 dxe4 7. Nxe4 Nxe4 8.
Bxe4 Qxd1+ 9. Kxd1 Bxc5 10. Ke2 O-O 11. Rd1 f5 12. Bd3 Nc6 13. Bc4 Be7 14. a4
Bf6 15. Kf1 h6 16. c3 Kh8 17. Be3 Re8 18. Bc5 g5 19. Nd4 Ne5 20. Bb3 Kg7 21.
Rd2 Nf7 22. Bc2 Bxd4 23. Bxd4+ e5 24. Bb6 Be6 25. b3 Kf6 26. c4 a5 27. Rad1 Ra6
28. Bc5 Raa8 29. f3 Red8 30. Bb6 Rdc8 31. Ke2 Ra6 32. Bd8+ Nxd8 33. Rxd8 Raa8
34. R1d6 Rc6 35. Rxc6 bxc6 36. Rd6 Rc8 37. g4 e4 38. gxf5 Kxf5 39. Bxe4+ Ke5
40. Rxc6 Rxc6 41. Bxc6 Kd4 42. Kd2 Bf5 43. Be8 Bc8 44. Bg6 Bb7 45. Bh5 1/2-1/2

[Event "22ème Open de Saint-Affrique"]
[Site "Saint Affrique (12)"]
[Date "2014.07.22"]
[Round "5.7"]
[White "Ringuet, Noe"]
[Black "Kukov, Velislav"]
[Result "0-1"]
[WhiteElo "2070"]
[BlackElo "2369"]
[PlyCount "54"]
[EventDate "2014.??.??"]
[Source "Sylvain Rivier"]
[SourceDate "2014.07.26"]

1. b3 d5 2. Nf3 Nf6 3. Bb2 Bf5 4. e3 c6 5. c4 e6 6. Be2 h6 7. O-O Be7 8. d3 O-O
9. Nbd2 a5 10. a3 Qb6 11. Ne5 Nbd7 12. e4 dxe4 13. Nxd7 Nxd7 14. dxe4 Bh7 15.
Qc2 Nc5 16. Kh1 Rfd8 17. Rad1 Rd7 18. Qc3 Bf6 19. e5 Be7 20. a4 Nd3 21. Bxd3
Rxd3 22. Qc1 Rad8 23. c5 Qxc5 24. Nc4 Rxd1 25. Rxd1 Qxf2 26. Rxd8+ Bxd8 27. Qd1
Be4 0-1

[Event "22ème Open de Saint-Affrique"]
[Site "Saint Affrique (12)"]
[Date "2014.07.22"]
[Round "5.8"]
[White "Oganisian, Roman"]
[Black "Raynal, Francois"]
[Result "1-0"]
[WhiteElo "2245"]
[BlackElo "2008"]
[PlyCount "44"]
[EventDate "2014.??.??"]
[Source "Sylvain Rivier"]
[SourceDate "2014.07.26"]

1. e4 g6 2. Nc3 c5 3. f4 Bg7 4. Nf3 Nc6 5. Bb5 Nd4 6. O-O Nxb5 7. Nxb5 d6 8.
Qe1 Nf6 9. d3 O-O 10. Qh4 Bg4 11. e5 Bxf3 12. Rxf3 a6 13. Nc3 dxe5 14. fxe5 Ne8
15. Be3 Bxe5 16. Bxc5 Nf6 17. Re1 Qc7 18. d4 Bd6 19. Rxf6 Bxc5 20. Rf3 Bb4 21.
Nd5 a5 22. Nxe7+ Bxe7 {suite illisible} 1-0

[Event "22ème Open de Saint-Affrique"]
[Site "Saint Affrique (12)"]
[Date "2014.07.22"]
[Round "5.9"]
[White "El Mchaouri Mas, Younes"]
[Black "Benmesbah, Natacha"]
[Result "0-1"]
[WhiteElo "2049"]
[BlackElo "2224"]
[PlyCount "22"]
[EventDate "2014.??.??"]
[Source "Sylvain Rivier"]
[SourceDate "2014.07.26"]

1. e4 c5 2. Nf3 Nc6 3. Nc3 g6 4. d4 cxd4 5. Nxd4 Bg7 6. Be3 Nf6 7. f3 O-O 8.
Bc4 Qb6 9. Ncb5 a6 10. Nc3 Qxb2 11. Nde2 Ng4 0-1

[Event "22ème Open de Saint-Affrique"]
[Site "Saint Affrique (12)"]
[Date "2014.07.22"]
[Round "5.10"]
[White "Daurelle, Herve"]
[Black "Lopez, Andre"]
[Result "1-0"]
[WhiteElo "2189"]
[BlackElo "2003"]
[PlyCount "51"]
[EventDate "2014.??.??"]
[Source "Sylvain Rivier"]
[SourceDate "2014.07.26"]

1. e4 e5 2. Nf3 Nc6 3. d4 exd4 4. Bc4 Nf6 5. O-O Nxe4 6. Re1 d5 7. Bxd5 Qxd5 8.
Nc3 Qa5 9. Nxe4 Be6 10. Bd2 Qd5 11. Bg5 Be7 12. Bxe7 Nxe7 13. Nxd4 O-O-O 14.
Nxe6 Qxe6 15. Qf3 Qf5 16. Qc3 Qf6 17. Nc5 Nd5 18. Qa3 Kb8 19. c4 Nf4 20. Qf3
Qb6 21. Nxb7 Rd4 22. Rad1 Rxd1 23. Rxd1 Ne6 24. Rd7 Qxb2 25. Na5 Qb4 26. Rd1
1-0

[Event "22ème Open de Saint-Affrique"]
[Site "Saint Affrique (12)"]
[Date "2014.07.22"]
[Round "5.11"]
[White "Navarro, Robin"]
[Black "Sanchez, Nicolas"]
[Result "0-1"]
[WhiteElo "1906"]
[BlackElo "2178"]
[PlyCount "106"]
[EventDate "2014.??.??"]
[Source "Sylvain Rivier"]
[SourceDate "2014.07.26"]

1. d4 Nf6 2. Bf4 d6 3. e3 Nbd7 4. Nf3 Nh5 5. Bg3 g6 6. Nbd2 Bg7 7. c3 O-O 8.
Qb3 Rb8 9. Be2 Nxg3 10. hxg3 e5 11. Ne4 Qe7 12. Rh4 h6 13. Qc2 Nb6 14. dxe5
dxe5 15. g4 f5 16. gxf5 gxf5 17. Ned2 e4 18. Nxe4 fxe4 19. Rxe4 Bf5 20. Rxe7
Bxc2 21. Rxc7 Rfc8 22. Rxc8+ Rxc8 23. Nd4 Be4 24. g3 Kf7 25. Bg4 Rh8 26. Bh5+
Ke7 27. O-O-O Rf8 28. f4 Nc4 29. Bf3 Bxd4 30. Bxe4 Bxe3+ 31. Kc2 Bf2 32. Rh1
Nd6 33. Kd3 Bxg3 34. Rxh6 Bxf4 35. Rh7+ Rf7 36. Rxf7+ Kxf7 37. Bd5+ Ke7 38. a4
b6 39. b4 Ne8 40. c4 Kd6 41. Bf3 Nf6 42. Kc3 Bg3 43. Kb3 Nd7 44. Bg2 Be1 45.
Bh3 Kc7 46. Bg2 a5 47. bxa5 Nc5+ 48. Ka3 bxa5 49. Bf3 Bb4+ 50. Ka2 Nxa4 51. Kb3
Nc5+ 52. Kb2 Kd6 53. Bd1 Ke5 0-1

[Event "22ème Open de Saint-Affrique"]
[Site "Saint Affrique (12)"]
[Date "2014.07.22"]
[Round "5.12"]
[White "Lafitte, Luc"]
[Black "Roubaud, Alexandre"]
[Result "0-1"]
[WhiteElo "1867"]
[BlackElo "2171"]
[PlyCount "116"]
[EventDate "2014.??.??"]
[Source "Sylvain Rivier"]
[SourceDate "2014.07.26"]

1. e4 e5 2. Nf3 Nc6 3. Bc4 Bc5 4. c3 Nf6 5. d3 a6 6. Bb3 Ba7 7. O-O O-O 8. Bg5
h6 9. Bh4 d6 10. Nbd2 Qe7 11. Re1 Be6 12. Nf1 Bxb3 13. Qxb3 g5 14. Bg3 Qd7 15.
Ne3 Ne7 16. Qc2 Bxe3 17. Rxe3 Ng6 18. d4 Rfe8 19. Rd1 Qc6 20. Re2 Kh8 21. Qb1
a5 22. Nd2 h5 23. f3 h4 24. Bf2 Rg8 25. h3 Nf4 26. Ree1 N6h5 27. Nf1 Nxg2 28.
Kxg2 Nf4+ 29. Kh1 Qd7 30. Nh2 Qxh3 31. Rg1 Nh5 32. Rg4 Nf6 33. Qd3 Nxg4 34.
fxg4 Qxd3 35. Rxd3 f6 36. d5 b5 37. b3 b4 38. Be1 a4 39. c4 axb3 40. axb3 Ra1
41. Re3 Rga8 42. Kg1 R8a2 43. Nf3 Rb1 44. Kf1 Kg8 45. Ng1 Rab2 46. Ne2 Rxb3 47.
Rxb3 Rxb3 48. Nc1 Re3 49. Bxb4 Rxe4 50. Ba5 Rxg4 51. c5 h3 52. Nd3 h2 53. Nf2
Rg1+ 54. Ke2 h1=Q 55. Nxh1 Rxh1 56. Bxc7 dxc5 57. Ba5 Kf7 58. d6 Ke6 0-1

[Event "22ème Open de Saint-Affrique"]
[Site "Saint Affrique (12)"]
[Date "2014.07.22"]
[Round "5.13"]
[White "Baudry, Remi"]
[Black "Youssoupov, Moisse"]
[Result "0-1"]
[WhiteElo "1770"]
[BlackElo "2169"]
[PlyCount "46"]
[EventDate "2014.??.??"]
[Source "Sylvain Rivier"]
[SourceDate "2014.07.26"]

1. d4 Nf6 2. Bg5 Ne4 3. h4 c5 4. dxc5 Na6 5. Qd4 Naxc5 6. Nc3 Nxc3 7. Qxc5 Ne4
8. Qd4 Nxg5 9. hxg5 Qa5+ 10. c3 Qxg5 11. Nf3 Qf6 12. Qd2 d6 13. e4 Bd7 14.
O-O-O e5 15. Kb1 Bc6 16. Ng5 Be7 17. Nxh7 Rxh7 18. Rxh7 Bxe4+ 19. Bd3 Bxh7 20.
Bxh7 g6 21. Qh6 O-O-O 22. f3 Kb8 23. Qh3 d5 0-1

[Event "22ème Open de Saint-Affrique"]
[Site "Saint Affrique (12)"]
[Date "2014.07.22"]
[Round "5.14"]
[White "Dussol, Pierre"]
[Black "Penalver, Marion"]
[Result "1-0"]
[WhiteElo "2156"]
[BlackElo "1901"]
[PlyCount "61"]
[EventDate "2014.??.??"]
[Source "Sylvain Rivier"]
[SourceDate "2014.07.26"]

1. d4 Nf6 2. Nf3 e6 3. e3 b6 4. Bd3 Bb7 5. O-O c5 6. Nbd2 d5 7. b3 Nbd7 8. Bb2
Be7 9. Ne5 Nxe5 10. dxe5 Nd7 11. Qg4 g6 12. c4 Qc7 13. f4 O-O-O 14. cxd5 Bxd5
15. e4 Bc6 16. Nc4 Rhg8 17. Rad1 Kb8 18. Rf2 Qb7 19. Re2 h5 20. Qh3 g5 21. f5
exf5 22. Qxf5 Rdf8 23. Nd6 Bxd6 24. exd6 f6 25. Bc4 Rh8 26. Rf1 a6 27. Be6 Re8
28. Bxf6 Nxf6 29. Qxf6 Bxe4 30. d7 Rd8 31. Qe5+ 1-0

[Event "22ème Open de Saint-Affrique"]
[Site "Saint Affrique (12)"]
[Date "2014.07.22"]
[Round "5.15"]
[White "Meunier, Clement"]
[Black "Lazov, Stefan"]
[Result "1-0"]
[WhiteElo "2132"]
[BlackElo "1894"]
[PlyCount "49"]
[EventDate "2014.??.??"]
[Source "Sylvain Rivier"]
[SourceDate "2014.07.26"]

1. d4 Nf6 2. c4 Nc6 3. Nf3 e6 4. a3 d6 5. Nc3 g6 6. e4 Bg7 7. h3 O-O 8. Be3 e5
9. d5 Nd4 10. Nxd4 exd4 11. Bxd4 Qe7 12. Bd3 Nd7 13. Bxg7 Kxg7 14. O-O Nb6 15.
Re1 Qg5 16. Qc1 Qh4 17. c5 Nd7 18. cxd6 Ne5 19. Bf1 g5 20. dxc7 f5 21. exf5
Rxf5 22. Qe3 Bd7 23. Qg3 Qxg3 24. fxg3 Rc8 25. g4 1-0

[Event "22ème Open de Saint-Affrique"]
[Site "Saint Affrique (12)"]
[Date "2014.07.22"]
[Round "5.16"]
[White "Vidal, Frederic"]
[Black "Carre, Sylvain"]
[Result "1/2-1/2"]
[WhiteElo "1749"]
[BlackElo "2172"]
[PlyCount "42"]
[EventDate "2014.??.??"]
[Source "Sylvain Rivier"]
[SourceDate "2014.07.26"]

1. f4 d5 2. Nf3 Nf6 3. c3 c5 4. e3 Nc6 5. Bb5 Qb6 6. Qe2 a6 7. Ba4 Bd7 8. d3 e6
9. e4 dxe4 10. dxe4 Qa5 11. Bc2 Nd4 12. Nxd4 cxd4 13. Bd2 Qc7 14. Bd3 dxc3 15.
Nxc3 Bc6 16. Rc1 Qd8 17. Be3 Bb4 18. O-O O-O 19. e5 Nd5 20. Ne4 Nxe3 21. Qxe3
Bxe4 1/2-1/2

[Event "22ème Open de Saint-Affrique"]
[Site "Saint Affrique (12)"]
[Date "2014.07.22"]
[Round "5.17"]
[White "Clement, Olivier"]
[Black "Flaujac, Benoit"]
[Result "1-0"]
[WhiteElo "2051"]
[BlackElo "1702"]
[PlyCount "87"]
[EventDate "2014.??.??"]
[Source "Sylvain Rivier"]
[SourceDate "2014.07.26"]

1. e4 e5 2. Nf3 Nc6 3. Bb5 f5 4. Nc3 fxe4 5. Nxe4 d5 6. Nxe5 dxe4 7. Nxc6 Qd5
8. c4 Qg5 9. d4 Qf6 10. Qh5+ g6 11. Qe5+ Qxe5 12. Nxe5+ c6 13. Ba4 Bg7 14. Bf4
Ne7 15. O-O-O O-O 16. Be3 Be6 17. Bb3 Nf5 18. Rhf1 Rad8 19. h3 Bxe5 20. dxe5
Rxd1+ 21. Rxd1 Nxe3 22. fxe3 Rf5 23. Rd8+ Kf7 24. Rb8 Rf1+ 25. Kd2 Rf2+ 26. Kc3
Rxg2 27. Rxb7+ Kg8 28. Re7 Bxh3 29. c5+ Kh8 30. e6 Bxe6 31. Bxe6 h5 32. Bd7 Rg5
33. Kc4 h4 34. Bxc6 h3 35. Rxe4 Rh5 36. Rg4 Kg7 37. Be4 g5 38. c6 Kf6 39. c7
Rh8 40. Kc5 h2 41. Kc6 Ke7 42. Kb7 Kd7 43. Rg2 g4 44. Rxh2 1-0

[Event "22ème Open de Saint-Affrique"]
[Site "Saint Affrique (12)"]
[Date "2014.07.22"]
[Round "5.18"]
[White "Hernandez, Lara"]
[Black "Julian, Stephane"]
[Result "0-1"]
[WhiteElo "1732"]
[BlackElo "2050"]
[PlyCount "164"]
[EventDate "2014.??.??"]
[Source "Sylvain Rivier"]
[SourceDate "2014.07.26"]

1. d4 Nf6 2. c4 g6 3. Nc3 Bg7 4. e4 d6 5. Nf3 O-O 6. Be2 e5 7. O-O Nc6 8. d5
Ne7 9. b4 a5 10. Ba3 axb4 11. Bxb4 b6 12. a4 Ne8 13. a5 c5 14. dxc6 Nxc6 15.
Qd5 Bd7 16. Bxd6 Nxd6 17. Qxd6 bxa5 18. Rfd1 Ra7 19. Nb5 Rb7 20. Qc5 Nd4 21.
Nfxd4 exd4 22. Nxd4 a4 23. Ra2 Re8 24. Qd5 Qc8 25. c5 Rc7 26. Rc2 Re5 27. Qd6
Rexc5 28. Rxc5 Rxc5 29. Nf3 Rc1 30. h3 Rxd1+ 31. Bxd1 h6 32. Ne5 Be6 33. Nc6
Qb7 34. Bxa4 Qb1+ 35. Kh2 Qxe4 36. Qb4 Qe2 37. Qb8+ Bf8 38. Qf4 Bg7 39. Qb8+
Kh7 40. Qf4 Qb2 41. g3 Qa1 42. Qe4 Qf1 43. h4 Qxf2+ 44. Qg2 Qe3 45. Bd1 Bf8 46.
Bf3 Bc5 47. Nd8 Bc4 48. Nb7 Be7 49. Na5 Be6 50. Nc6 Bd6 51. Nd8 Bc4 52. Nb7 Be5
53. Na5 Qd4 54. Nxc4 Qxh4+ 55. Kg1 Qxc4 56. Bd5 Qd4+ 57. Kh1 Qd1+ 58. Kh2 Qh5+
59. Qh3 Bxg3+ 60. Kxg3 Qxd5 61. Qc8 Qe5+ 62. Kg2 Qg5+ 63. Kh2 Qf4+ 64. Kg2 h5
65. Qe8 h4 66. Qe7 Qg3+ 67. Kh1 Qf3+ 68. Kh2 Qf4+ 69. Kg2 g5 70. Qd8 Qg3+ 71.
Kh1 Qe1+ 72. Kh2 Qe2+ 73. Kh3 Qf3+ 74. Kh2 h3 75. Qxg5 Qg2+ 76. Qxg2 hxg2 77.
Kxg2 Kg6 78. Kf2 Kf5 79. Kg3 Ke4 80. Kg2 Ke3 81. Kf1 Kf3 82. Kg1 f5 0-1

[Event "22ème Open de Saint-Affrique"]
[Site "Saint Affrique (12)"]
[Date "2014.07.22"]
[Round "5.19"]
[White "Zachary, Matheo"]
[Black "Herry, Serwan"]
[Result "0-1"]
[WhiteElo "1701"]
[BlackElo "1936"]
[PlyCount "70"]
[EventDate "2014.??.??"]
[Source "Sylvain Rivier"]
[SourceDate "2014.07.26"]

1. e4 e6 2. d4 d5 3. Nd2 Be7 4. exd5 exd5 5. Ngf3 Nf6 6. Bd3 O-O 7. O-O c5 8.
dxc5 Bxc5 9. Nb3 Bb6 10. Bg5 Nc6 11. h3 h6 12. Bh4 g5 13. Bg3 Ne4 14. Bxe4 dxe4
15. Ne5 f5 16. Nxc6 bxc6 17. Bd6 Rf7 18. Bc5 Ba6 19. Qxd8+ Rxd8 20. Bxb6 axb6
21. Rfd1 Rfd7 22. Rxd7 Rxd7 23. Re1 c5 24. c3 Kf7 25. f3 exf3 26. gxf3 f4 27.
Kf2 Rd3 28. Re2 Rd1 29. Rd2 Rxd2+ 30. Nxd2 Ke6 31. Kg2 Ke5 32. h4 Bd3 33. hxg5
hxg5 34. Kf2 b5 35. b3 b4 0-1

[Event "22ème Open de Saint-Affrique"]
[Site "Saint Affrique (12)"]
[Date "2014.07.22"]
[Round "5.20"]
[White "Husson, Cybele"]
[Black "Grosse, Tomas"]
[Result "1-0"]
[WhiteElo "1919"]
[BlackElo "1627"]
[PlyCount "80"]
[EventDate "2014.??.??"]
[Source "Sylvain Rivier"]
[SourceDate "2014.07.26"]

1. e4 c5 2. Nc3 d6 3. Bb5+ Bd7 4. Bxd7+ Nxd7 5. f4 g6 6. Nf3 Bg7 7. d3 e6 8.
O-O Ne7 9. Qe1 O-O 10. g4 Re8 11. Qg3 Rc8 12. f5 exf5 13. gxf5 gxf5 14. Bh6 Ng6
15. Bxg7 f4 16. Qg2 Kxg7 17. Nd5 Nde5 18. Nxf4 Nxf3+ 19. Rxf3 Qh4 20. Raf1 Kh8
21. Nxg6+ fxg6 22. Rf7 Kg8 23. Qg3 Qxg3+ 24. hxg3 Rf8 25. Rxb7 Rxf1+ 26. Kxf1
Rf8+ 27. Kg2 Rf7 28. Rb8+ Rf8 29. Rxf8+ Kxf8 30. c3 Ke7 31. b4 cxb4 32. cxb4
Ke6 33. Kf3 Ke5 34. Ke3 h5 35. a4 g5 36. d4+ Ke6 37. b5 h4 38. gxh4 gxh4 39.
Kf3 Kd7 40. Kg4 Kc7 1-0

[Event "22ème Open de Saint-Affrique"]
[Site "Saint Affrique (12)"]
[Date "2014.07.22"]
[Round "5.21"]
[White "De Muyser, Xavier"]
[Black "Bouguerra, Tayeb"]
[Result "0-1"]
[WhiteElo "1723"]
[BlackElo "1906"]
[PlyCount "35"]
[EventDate "2014.??.??"]
[Source "Sylvain Rivier"]
[SourceDate "2014.07.26"]

1. e4 d6 2. f4 g6 3. Nf3 Bg7 4. d4 c5 5. Nc3 cxd4 6. Nxd4 Nc6 7. Nb3 Nf6 8. Be3
Ng4 9. Bg1 O-O 10. h3 Nf6 11. Qf3 a6 12. O-O-O Qc7 13. Nd5 Nxd5 14. exd5 Nb4
15. Qe4 Bf5 16. Qc4 Nxa2+ 17. Kb1 Qxc4 18. Bxc4 {suite illisible} 0-1

[Event "22ème Open de Saint-Affrique"]
[Site "Saint Affrique (12)"]
[Date "2014.07.22"]
[Round "5.22"]
[White "Sempe, Pierre"]
[Black "Grosse, Ludovic"]
[Result "0-1"]
[WhiteElo "1659"]
[BlackElo "1903"]
[PlyCount "68"]
[EventDate "2014.??.??"]
[Source "Sylvain Rivier"]
[SourceDate "2014.07.26"]

1. e4 c5 2. Nf3 d6 3. d4 cxd4 4. Qxd4 Nc6 5. Bb5 Bd7 6. Bxc6 Bxc6 7. Nc3 Nf6 8.
Bg5 e6 9. O-O Be7 10. Rad1 O-O 11. Bxf6 Bxf6 12. Qxd6 Bxc3 13. bxc3 Qxd6 14.
Rxd6 Bxe4 15. Nd4 Bd5 16. Nf5 Bxa2 17. Ne7+ Kh8 18. Rfd1 Bc4 19. Rd7 b5 20. Nc6
a5 21. Rb7 Bd5 22. Rb6 Bxc6 23. Rxc6 a4 24. g3 Kg8 25. Rdd6 a3 26. Rd1 Rfc8 27.
Rxc8+ Rxc8 28. Ra1 Rxc3 29. Ra2 Kf8 30. Kf1 b4 31. Ke2 Rxc2+ 32. Rxc2 b3 33.
Rc8+ Ke7 34. Kd2 a2 0-1

[Event "22ème Open de Saint-Affrique"]
[Site "Saint Affrique (12)"]
[Date "2014.07.22"]
[Round "5.23"]
[White "Guerzeder, Thomas"]
[Black "Aubry, Fabien"]
[Result "1-0"]
[WhiteElo "1652"]
[BlackElo "1884"]
[PlyCount "65"]
[EventDate "2014.??.??"]
[Source "Sylvain Rivier"]
[SourceDate "2014.07.26"]

1. d4 e6 2. Nf3 f5 3. c4 Nf6 4. Nc3 c6 5. g3 d5 6. Bg2 Bd6 7. O-O O-O 8. Ne5
Bd7 9. Bf4 Be8 10. f3 Nh5 11. e4 Nxf4 12. gxf4 dxc4 13. d5 exd5 14. exd5 c5 15.
Nxc4 Bxf4 16. Ne2 Bg5 17. f4 Bf6 18. Re1 Nd7 19. Kh1 b5 20. Nd6 Bxb2 21. Rb1
Qf6 22. Nxb5 Rb8 23. Nxa7 Ra8 24. Nc6 Bh5 25. Qb3 Ba3 26. Ng3 Bf7 27. Qb7 Rfd8
28. Re7 Be8 29. Rbe1 Qf8 30. Nxd8 Rxd8 31. Qc7 Ra8 32. d6 Nf6 33. Bxa8 1-0

[Event "22ème Open de Saint-Affrique"]
[Site "Saint Affrique (12)"]
[Date "2014.07.22"]
[Round "5.24"]
[White "Lalot, Hugues"]
[Black "Baudewyn, Ludovic"]
[Result "0-1"]
[WhiteElo "1573"]
[BlackElo "1843"]
[PlyCount "78"]
[EventDate "2014.??.??"]
[Source "Sylvain Rivier"]
[SourceDate "2014.07.26"]

1. d4 e6 2. c4 Nf6 3. Nf3 b6 4. g3 Ba6 5. b3 b5 6. cxb5 Bxb5 7. Bg2 Bc6 8. O-O
a5 9. Nc3 Be7 10. Qc2 d5 11. Ne5 Bb7 12. Nb5 c6 13. Nc3 Nbd7 14. Nd3 Qb6 15. e3
O-O 16. Na4 Qb5 17. Nac5 Nxc5 18. Nxc5 Bxc5 19. Qxc5 Qxc5 20. dxc5 Nd7 21. Ba3
Ba6 22. Rfc1 Ne5 23. Rd1 Nd3 24. Bf1 Nb4 25. Bxb4 axb4 26. Bg2 Be2 27. Rd4 Rfb8
28. e4 Ra5 29. Rd2 Bh5 30. Rc2 Bg6 31. f3 Rbb5 32. Rac1 Ra3 33. Kf2 Rba5 34.
Rb2 Rxa2 35. Rcc2 Rxb2 36. Rxb2 Rxc5 37. Ke3 Rc3+ 38. Kd4 f6 39. f4 c5# 0-1

[Event "22ème Open de Saint-Affrique"]
[Site "Saint Affrique (12)"]
[Date "2014.07.22"]
[Round "5.25"]
[White "Soissong, Elzbieta"]
[Black "Claisse, Patrick"]
[Result "1/2-1/2"]
[WhiteElo "1620"]
[BlackElo "1788"]
[PlyCount "93"]
[EventDate "2014.??.??"]
[Source "Sylvain Rivier"]
[SourceDate "2014.07.26"]

1. d4 Nf6 2. Nf3 g6 3. e3 Bg7 4. b4 d5 5. Bb2 O-O 6. Nbd2 Nbd7 7. c4 c6 8. Qb3
b6 9. a4 Bb7 10. Be2 e6 11. O-O a5 12. Rac1 Qb8 13. b5 c5 14. Ne5 Nxe5 15. dxe5
Nd7 16. f4 Rd8 17. Qc2 Nf8 18. Bf3 Qc7 19. cxd5 exd5 20. e4 d4 21. Nc4 f6 22.
Nd6 h6 23. Qc4+ Kh7 24. Nxb7 Qxb7 25. e6 Qe7 26. f5 Rac8 27. Rcd1 Rc7 28. Bc1
g5 29. Bh5 Qd6 30. Be3 Qe5 31. Bf3 Re7 32. Bf2 Qc7 33. Bg3 Qa7 34. Rfe1 Kh8 35.
e5 Nh7 36. Bh5 fxe5 37. Bxe5 Bxe5 38. Rxe5 Nf6 39. Bf3 Qc7 40. Ree1 Kg7 41. g3
Rf8 42. Qe2 Rd8 43. Qc4 Rf8 44. Qe2 Rd8 45. Bh5 Nd5 46. Bf7 Nf6 47. Qc4 1/2-1/2

[Event "22ème Open de Saint-Affrique"]
[Site "Saint Affrique (12)"]
[Date "2014.07.22"]
[Round "5.26"]
[White "Vignette, Jeanne"]
[Black "Prieu, Arnaud"]
[Result "1-0"]
[WhiteElo "1758"]
[BlackElo "1572"]
[PlyCount "77"]
[EventDate "2014.??.??"]
[Source "Sylvain Rivier"]
[SourceDate "2014.07.26"]

1. e4 e5 2. Nf3 Nc6 3. Bc4 Bc5 4. d3 d6 5. c3 Qf6 6. b4 Bb6 7. a4 a6 8. a5 Ba7
9. Be3 Nge7 10. Bb3 Bg4 11. Nbd2 Qg6 12. Nf1 f5 13. Bxa7 Rxa7 14. Ng3 d5 15.
exf5 Qf6 16. Rc1 e4 17. dxe4 dxe4 18. Nxe4 Qxf5 19. Neg5 Ne5 20. Be6 Nxf3+ 21.
gxf3 Qe5+ 22. Qe2 Qf4 23. Rd1 Qxg5 24. fxg4 Qf6 25. Rd3 Rf8 26. O-O Ng6 27.
Bf5+ Kf7 28. Qa2+ Ke8 29. Re1+ Ne7 30. Qd5 Ra8 31. Qxb7 Kf7 32. Be6+ Kg6 33.
Qe4+ Kg5 34. Qe5+ Qxe5 35. Rxe5+ Kf6 36. Re4 Rae8 37. Rd7 Rd8 38. Rf4+ Kg6 39.
Rxf8 1-0

[Event "22ème Open de Saint-Affrique"]
[Site "Saint Affrique (12)"]
[Date "2014.07.22"]
[Round "5.27"]
[White "Del Valle, Julie"]
[Black "Bizeul, Pierre"]
[Result "1/2-1/2"]
[WhiteElo "1530"]
[BlackElo "1757"]
[PlyCount "63"]
[EventDate "2014.??.??"]
[Source "Sylvain Rivier"]
[SourceDate "2014.07.26"]

1. d4 e6 2. c4 b6 3. Nf3 Bb7 4. e3 d6 5. Be2 Be7 6. Nc3 Nd7 7. O-O Ngf6 8. Qc2
O-O 9. e4 e5 10. d5 Ne8 11. b4 a5 12. bxa5 Rxa5 13. Bd2 Ra8 14. Nb5 g6 15. Ne1
f5 16. exf5 gxf5 17. a4 Bf6 18. Qxf5 Nc5 19. Qc2 Qd7 20. Ra3 c6 21. dxc6 Bxc6
22. Bh6 Rf7 23. Rg3+ Kh8 24. Bh5 Rxa4 25. Bxf7 Qxf7 26. Rg4 Bd7 27. Rg3 Rxc4
28. Qb1 Qh5 29. Bf8 Ne4 30. Rd3 Nd2 31. Qa2 Nxf1 32. Qxc4 {suite illisible}
1/2-1/2

[Event "22ème Open de Saint-Affrique"]
[Site "Saint Affrique (12)"]
[Date "2014.07.22"]
[Round "5.28"]
[White "Libiszewski, Christian"]
[Black "Arcusa, Michel"]
[Result "0-1"]
[WhiteElo "1640"]
[BlackElo "1865"]
[PlyCount "120"]
[EventDate "2014.??.??"]
[Source "Sylvain Rivier"]
[SourceDate "2014.07.26"]

1. e4 c5 2. Nf3 d6 3. d4 cxd4 4. Nxd4 a6 5. Nc3 Qc7 6. Be2 Nf6 7. O-O e5 8. Nf3
Be7 9. h3 Nbd7 10. Be3 b5 11. Nd5 Nxd5 12. exd5 Nf6 13. Rc1 Qa5 14. c4 bxc4 15.
Bxc4 O-O 16. Qb3 Nd7 17. Bd2 Qb6 18. Be3 Qa5 19. Bd2 Qd8 20. Rfd1 Bf6 21. Be3
Qa5 22. Bd2 Qb6 23. Be3 Qa5 24. Bd2 Qd8 25. Be3 Rb8 26. Qc2 Bb7 27. Bb3 Rc8 28.
Qd2 Rxc1 29. Rxc1 Qb8 30. Ng5 h6 31. Ne4 Be7 32. Qe2 f5 33. Nc3 Nf6 34. Qd1 Rc8
35. Bd2 Qa8 36. Na4 Rxc1 37. Bxc1 Kh7 38. Qf3 g6 39. Nc3 Bd8 40. Qe3 f4 41. Qd2
Ba5 42. Qd3 Bxc3 43. bxc3 Bxd5 44. Bxd5 Qxd5 45. Qc2 Qc4 46. g3 d5 47. gxf4
exf4 48. Qb2 g5 49. Qc2+ Kg7 50. Qb2 Qd3 51. Qb3 Qxh3 52. Qb7+ Kg6 53. Qxa6
Qg4+ 54. Kh2 Qd1 55. Bb2 Qc2 56. Qb6 Kf5 57. c4 Ng4+ 58. Kg2 Qxc4 59. Qd6 Qe4+
60. f3 Qe2+ 0-1